[Event "74th DEN-ch"]
[Site "Ringsted DEN"]
[Date "1995.??.??"]
[Round "9"]
[White "Hoei, Carsten"]
[Black "Kristiansen, Jens"]
[WhiteElo "2415"]
[BlackElo "2415"]
[Result "0-1"]
[EventDate "1995.01.01"]
[PlyCount "122"]
[EventCategory "8"]
[Source "ChessBase"]
[SourceDate "1995.09.01"]

1. d4 f5 2. Nf3 Nf6 3. Bg5 e6 4. Nbd2 Be7 5. e3 O-O 6. Bd3 Nc6 7. c3 Kh8 8. Qc2
d6 9. O-O-O Ng4 10. Bxe7 Qxe7 11. Rdf1 e5 12. h3 Nh6 13. dxe5 dxe5 14. Bb5 Bd7
15. Bxc6 Bxc6 16. e4 f4 17. Nc4 Nf7 18. Na5 Bd7 19. Rd1 b6 20. Nc4 Bc6 21. Nfd2
a5 22. a4 Qc5 23. f3 Bd7 24. Kb1 Be6 25. Na3 c6 26. Nb3 Qe7 27. Nc1 b5 28. Qd3
b4 29. Nc4 Rfd8 30. Qe2 bxc3 31. b3 Rdb8 32. Kc2 Rb4 33. Nd3 Bxc4 34. bxc4 Rxc4
35. Ra1 Rd4 36. Rhd1 c5 37. Qe1 c4 38. Nf2 Qc5 39. Qxc3 Rb8 40. Rab1 Rb4 41.
Kc1 Qb6 42. Rb2 Nd6 43. Rdd2 h5 44. Rxb4 axb4 45. Rb2 b3 46. Nd1 Nb7 47. Rd2
Na5 48. Kb1 Qc5 49. Kb2 Nc6 50. Qc1 Qd6 51. Rxd4 Qxd4+ 52. Ka3 Qc5+ 53. Kb2 Nb4
54. Kb1 Qd4 55. Nc3 Nc2 56. Kb2 Qd6 57. Kb1 Qd4 58. Kb2 Nb4 59. Kb1 Nd3 60. Qd2
Qg1+ 61. Nd1 Qf1 0-1

[Event "74th DEN-ch"]
[Site "Ringsted DEN"]
[Date "1995.??.??"]
[Round "9"]
[White "Nielsen, Peter Heine"]
[Black "Schandorff, Lars"]
[WhiteElo "2500"]
[BlackElo "2450"]
[Result "1/2-1/2"]
[EventDate "1995.01.01"]
[PlyCount "96"]
[EventCategory "8"]
[Source "ChessBase"]
[SourceDate "1995.09.01"]

1. c4 Nf6 2. Nc3 e5 3. Nf3 Nc6 4. g3 Bc5 5. Bg2 d6 6. O-O O-O 7. e3 Bb6 8. d4
Bf5 9. h3 h6 10. a3 a5 11. Nd5 Ba7 12. b3 exd4 13. Bb2 Nd7 14. Nxd4 Nxd4 15.
exd4 c6 16. Ne3 Bh7 17. d5 Qc7 18. Qd2 Rfe8 19. Rfe1 Ne5 20. Ng4 f6 21. Nxe5
fxe5 22. Rad1 Rad8 23. Bc3 Rf8 24. Re2 Bb6 25. Kh1 Bg6 26. b4 axb4 27. axb4 c5
28. b5 Ra8 29. Rde1 Rf7 30. Be4 Bxe4+ 31. Rxe4 Qd7 32. Kh2 Raf8 33. f4 Bd8 34.
R1e2 exf4 35. gxf4 Qf5 36. Qd3 Bf6 37. Bxf6 Rxf6 38. Qf3 b6 39. Rg2 R6f7 40.
Re6 Rf6 41. Qg4 Qxf4+ 42. Qxf4 Rxf4 43. Rxd6 Rxc4 44. Rxb6 Rd4 45. Rc6 Rxd5 46.
b6 Rd7 47. Rb2 Rb7 48. Rxc5 Rf6 1/2-1/2